7 loại hình thông minh = Seven kinds of smart
Những trải nghiệm về nhiều loại thông minh như: trí thông minh vận động cơ thể, không gian, âm nhạc, tương tác cá nhân, nội tâm,..
Spremljeno u:
| Glavni autor: | |
|---|---|
| Format: | Knjiga |
| Jezik: | Undetermined |
| Izdano: |
Hà Nội
Lao động - Xã hội
2010
|
| Teme: | |
| Oznake: |
Dodaj oznaku
Bez oznaka, Budi prvi tko označuje ovaj zapis!
|
| Thư viện lưu trữ: | Trung tâm Học liệu Trường Đại học Cần Thơ |
|---|
| LEADER | 00841nam a2200217Ia 4500 | ||
|---|---|---|---|
| 001 | CTU_158805 | ||
| 008 | 210402s9999 xx 000 0 und d | ||
| 020 | |c 64000 | ||
| 082 | |a 153.9 | ||
| 082 | |b A735 | ||
| 100 | |a Armstrong, Thomas | ||
| 245 | 0 | |a 7 loại hình thông minh = | |
| 245 | 0 | |b Seven kinds of smart | |
| 245 | 0 | |c Thomas Armstrong ; Mạnh Hải, Thu Hiền dịch | |
| 260 | |a Hà Nội | ||
| 260 | |b Lao động - Xã hội | ||
| 260 | |c 2010 | ||
| 520 | |a Những trải nghiệm về nhiều loại thông minh như: trí thông minh vận động cơ thể, không gian, âm nhạc, tương tác cá nhân, nội tâm,.. | ||
| 650 | |a Ability,Intellect,Trí thông minh,Trí tuệ | ||
| 904 | |i Trọng Hải | ||
| 980 | |a Trung tâm Học liệu Trường Đại học Cần Thơ | ||